000 00281nam a2200109Ia 4500
008 190216s9999||||xx |||||||||||||| ||und||
100 _aRaja Raja Varma A R
245 0 _aSwapna Vasavadatham
260 _bSahithya Pravarthaka Sahakarana Sangam
650 _aKavithakal
942 _cBK
999 _c24352
_d24352